| 000 | 00691cam a2200241 4500 | ||
|---|---|---|---|
| 008 | 090401t1991 xxu||||| |||| 00| 0 eng d | ||
| 020 | _a0910845476 | ||
| 035 | _a(Sirsi) u2307 | ||
| 041 | _aeng | ||
| 050 | _a620.004 | ||
| 100 | _aBarry, Benjamin Austin | ||
| 245 | _aErrors in practical measurement in surveying, engineering, and technology. | ||
| 250 | _a2nd ed. | ||
| 260 |
_aRancho Cordova _bLandmark Enterprises _c1991 |
||
| 300 | _axii,183p. ; 13cm. | ||
| 350 | _a32.95 | ||
| 650 |
_aMeasurement _96256 |
||
| 650 | _aSTATISTICAL ERROR ANALYSIS | ||
| 690 | _aBUILT ENVIRONMENT-CONSTRUCTION DESIGN | ||
| 700 |
_aMorris, M.D. _xEditor |
||
| 942 | _n0 | ||
| 948 | _c04/03/1997 | ||
| 999 |
_c85753 _d85753 |
||